Die beliebtesten Biermarken der Deutschen - Statistiken

Allgemein
  • Dieses Quiz wurde 892 mal gespielt
    881 seit der letzten Aktualisierung
  • Das Durchschnittsergebnis liegt bei 9 aus 22
Antwortstatistiken
Hint Antwort % Korrekt
3 Krombacher
78%
1 Bitburger
73%
15 Paulaner
69%
7 Beck's
66%
2 Veltins
59%
5 Jever
53%
19 Heineken
52%
4 Warsteiner
48%
6 Radeberger
44%
12 Erdinger
43%
11 Oettinger
42%
22 Augustiner
40%
10 Früh Kölsch
40%
17 Astra
39%
21 Flensburger
37%
18 Berliner
26%
9 Franziskaner
24%
14 Hasseröder
24%
8 König Pilsener
23%
13 Holsten
15%
20 Budweiser
14%
16 Schöfferhofen
1%
Keine übereinstimmenden Quizze gefunden
Verteilung der Resultate
Anzahl Personen mit jedem Resultat
Perzentil nach korrekt beantworteten Fragen
Ihre Resultats-Entwicklung
Sie haben dieses Quiz seit der letzten Aktualisierung nicht gespielt